000 00432nam a2200169Ia 4500
008 131103s9999 xx 000 0 und d
040 _aLoreto College
041 _aEnglish
082 _a891.433/AJN
_bLCLIB/26308
100 _aAjneya
245 _aLautali Pagnandiyan
_cAjneya
260 _aNew Delhi
_bRajpal And Sons
_c1975
300 _a444 p.
_c 18 cm.
650 _aHindi - Short Stories
850 _aLCLIB
942 _cBK
999 _c18768
_d69247